LEADER 02902nam 2200601Ia 450 001 9910458941703321 005 20200520144314.0 010 $a1-283-33859-9 010 $a9786613338594 010 $a0-335-24025-9 035 $a(CKB)2560000000050129 035 $a(EBL)771422 035 $a(OCoLC)685111095 035 $a(SSID)ssj0000483624 035 $a(PQKBManifestationID)11289817 035 $a(PQKBTitleCode)TC0000483624 035 $a(PQKBWorkID)10572885 035 $a(PQKB)10759456 035 $a(MiAaPQ)EBC771422 035 $a(Au-PeEL)EBL771422 035 $a(CaPaEBR)ebr10413326 035 $a(CaONFJC)MIL333859 035 $a(EXLCZ)992560000000050129 100 $a20100409d2010 uy 0 101 0 $aeng 135 $aur|n|---||||| 181 $ctxt 182 $cc 183 $acr 200 10$aCrime scene investigation$b[electronic resource] $emethods and procedures /$fIan K. Pepper 205 $a2nd ed. 210 $aMaidenhead $cOpen University Press$d2010 215 $a1 online resource (242 p.) 300 $aDescription based upon print version of record. 311 $a0-335-23441-0 320 $aIncludes bibliographical references and index. 327 $aFront page; Half title page; Title page; Copyright page; Dedication; Contents; Table of Statutes; Abbreviations; Introduction; 1 The history and contemporary structure of the police, scientific services and crime scene investigation in the United Kingdom; 2 Approaching the crime scene, packaging the evidence and the documentation required; 3 The basics of crime scene photography; 4 Trace evidence: fibres, glass, hairs, paint and soil; 5 Impressions: footwear marks, instrument marks, glove marks and tyres; 6 Deoxyribonucleic acid (DNA) and body fluids; 7 Fingerprints 327 $a8 The investigation of a fire scene9 Firearms; 10 Terrorism, mass murder and disaster (major incidents); 11 The leadership and management of the forensic examination of a major crime scene; 12 Other sources of evidence for the crime scene investigator; 13 Health and safety at a crime scene; 14 The Criminal Law Courts in the United Kingdom; 15 Organizations related to crime scene investigation; Answers to questions; References; Index; Back cover 330 $aThe second edition of this book guides aspiring and newly appointed CSIs through the methods and procedures for the accurate recording and recovery of evidence from the scene of a crime. 606 $aCrime scene searches 606 $aCriminal investigation 608 $aElectronic books. 615 0$aCrime scene searches. 615 0$aCriminal investigation. 676 $a363.252 700 $aPepper$b Ian K$0285225 801 0$bMiAaPQ 801 1$bMiAaPQ 801 2$bMiAaPQ 906 $aBOOK 912 $a9910458941703321 996 $aCrime scene investigation$92067220 997 $aUNINA LEADER 03667nam 22007092 450 001 9910779341503321 005 20151005020622.0 010 $a1-107-23304-6 010 $a1-139-85347-3 010 $a1-139-84438-5 010 $a1-139-01869-8 010 $a1-139-83964-0 010 $a1-139-84552-7 010 $a1-139-84202-1 010 $a1-283-83616-5 010 $a1-139-84083-5 035 $a(CKB)2550000000708942 035 $a(EBL)1057457 035 $a(OCoLC)818882913 035 $a(SSID)ssj0000757524 035 $a(PQKBManifestationID)11517283 035 $a(PQKBTitleCode)TC0000757524 035 $a(PQKBWorkID)10759291 035 $a(PQKB)10706640 035 $a(UkCbUP)CR9781139018692 035 $a(MiAaPQ)EBC1057457 035 $a(Au-PeEL)EBL1057457 035 $a(CaPaEBR)ebr10628041 035 $a(CaONFJC)MIL414866 035 $a(PPN)261330918 035 $a(EXLCZ)992550000000708942 100 $a20110216d2013|||| uy| 0 101 0 $aeng 135 $aur||||||||||| 181 $ctxt$2rdacontent 182 $cc$2rdamedia 183 $acr$2rdacarrier 200 10$aAlien life imagined $ecommunicating the science and culture of Astrobiology /$fMark Brake$b[electronic resource] 210 1$aCambridge :$cCambridge University Press,$d2013. 215 $a1 online resource (276 pages) $cdigital, PDF file(s) 300 $aTitle from publisher's bibliographic system (viewed on 05 Oct 2015). 311 $a0-521-73834-2 311 $a0-521-49129-0 320 $aIncludes bibliographical references and index. 327 $aKosmos : aliens in ancient Greece : Kosmos / Mark Brake -- The world turned upside down : Copernicanism and the voyages of discovery : voyages / Mark Brake -- In Newton's train : pluralism and the system of the world : Newton's train / Mark Brake -- Extraterrestrials in the early machine age / Mark Brake -- After Darwin : the War of the worlds : Darwin--WOTW / Mark Brake -- Einstein's sky : life in the new universe : Einstein's sky / Mark Brake -- Ever since SETI : astrobiology in the Space Age / Mark Brake. 330 $aOne day, astrobiologists could make the most fantastic discovery of all time: the detection of complex extraterrestrial life. As space agencies continue to search for life in our Universe, fundamental questions are raised: are we awake to the revolutionary effects on human science, society and culture that alien contact will bring? And how is it possible to imagine the unknown? In this book, Mark Brake tells the compelling story of how the portrayal of extraterrestrial life has developed over the last two and a half thousand years. Taking examples from the history of science, philosophy, film and fiction, he showcases how scholars, scientists, film-makers and writers have devoted their energies to imagining life beyond this Earth. From Newton to Kubrick, and Lucian to H. G. Wells, this is a fascinating account for anyone interested in the extraterrestrial life debate, from general readers to amateur astronomers and undergraduate students studying astrobiology. 606 $aUnidentified flying object literature 606 $aUnidentified flying objects 606 $aVoyages, Imaginary 606 $aLife on other planets 615 0$aUnidentified flying object literature. 615 0$aUnidentified flying objects. 615 0$aVoyages, Imaginary. 615 0$aLife on other planets. 676 $a576.8/39 700 $aBrake$b Mark$01499791 801 0$bUkCbUP 801 1$bUkCbUP 906 $aBOOK 912 $a9910779341503321 996 $aAlien life imagined$93726169 997 $aUNINA LEADER 01380nam 2200433 450 001 9910810976703321 005 20230308131855.0 010 $a84-9052-113-1 035 $a(CKB)4100000003282647 035 $a(MiAaPQ)EBC5349698 035 $a(OCoLC)1105853744 035 $a(FlNmELB)ELB57526 035 $a(MiAaPQ)EBC7098568 035 $a(Au-PeEL)EBL7098568 035 $a(EXLCZ)994100000003282647 100 $a20230308d2017 uy 0 101 0 $aspa 135 $aurcnu|||||||| 181 $2rdacontent 182 $2rdamedia 183 $2rdacarrier 200 10$aEducacio?n canina y formacio?n especi?fica del gui?a y del perro para bu?squeda de personas desaparecidas /$fJuan Hidalgo Marti?nez 210 1$aMadrid, Spain :$cEdiciones Di?az de Santos,$d[2017] 210 4$dİ2017 215 $a1 online resource (xviii, 254 pa?ginas) $cilustraciones 311 $a84-9052-056-9 606 $aDogs$xBehavior 606 $aDogs$xTraining 615 0$aDogs$xBehavior. 615 0$aDogs$xTraining. 676 $a636.73 700 $aHidalgo Marti?nez$b Juan$01703785 801 0$bMiAaPQ 801 1$bMiAaPQ 801 2$bMiAaPQ 906 $aBOOK 912 $a9910810976703321 996 $aEducacio?n canina y formacio?n especi?fica del gui?a y del perro para bu?squeda de personas desaparecidas$94089241 997 $aUNINA